<?xml version="1.0" encoding="UTF-8"?>
<record
    xmlns:xsi="http://www.w3.org/2001/XMLSchema-instance"
    xsi:schemaLocation="http://www.loc.gov/MARC21/slim http://www.loc.gov/standards/marcxml/schema/MARC21slim.xsd"
    xmlns="http://www.loc.gov/MARC21/slim">

  <leader>05514namaa2200469uu 4500</leader>
  <controlfield tag="001">doab134993</controlfield>
  <controlfield tag="003">oapen</controlfield>
  <controlfield tag="005">20260305123954.0</controlfield>
  <controlfield tag="006">m     o  d        </controlfield>
  <controlfield tag="007">cr|mn|---annan</controlfield>
  <controlfield tag="008">240307s2024    xx |||||o     ||| 0|spa d</controlfield>
  <datafield tag="020" ind1=" " ind2=" ">
    <subfield code="a">9781003257134</subfield>
  </datafield>
  <datafield tag="020" ind1=" " ind2=" ">
    <subfield code="a">9781003257134</subfield>
  </datafield>
  <datafield tag="020" ind1=" " ind2=" ">
    <subfield code="a">9781032189635</subfield>
  </datafield>
  <datafield tag="020" ind1=" " ind2=" ">
    <subfield code="a">9781032189642</subfield>
  </datafield>
  <datafield tag="024" ind1="7" ind2=" ">
    <subfield code="a">10.4324/9781003257134</subfield>
    <subfield code="2">doi</subfield>
  </datafield>
  <datafield tag="040" ind1=" " ind2=" ">
    <subfield code="a">oapen</subfield>
    <subfield code="c">oapen</subfield>
  </datafield>
  <datafield tag="041" ind1="0" ind2=" ">
    <subfield code="a">spa</subfield>
  </datafield>
  <datafield tag="042" ind1=" " ind2=" ">
    <subfield code="a">dc</subfield>
  </datafield>
  <datafield tag="720" ind1="1" ind2=" ">
    <subfield code="a">Negueruela, Eduardo</subfield>
    <subfield code="4">edt</subfield>
  </datafield>
  <datafield tag="245" ind1="0" ind2="0">
    <subfield code="a">Teor&#xED;a sociocultural y espa&#xF1;ol LE/L2</subfield>
  </datafield>
  <datafield tag="260" ind1=" " ind2=" ">
    <subfield code="b">Taylor &amp; Francis</subfield>
    <subfield code="c">2024</subfield>
  </datafield>
  <datafield tag="300" ind1=" " ind2=" ">
    <subfield code="a">1 online resource</subfield>
  </datafield>
  <datafield tag="336" ind1=" " ind2=" ">
    <subfield code="a">text</subfield>
    <subfield code="b">txt</subfield>
    <subfield code="2">rdacontent</subfield>
  </datafield>
  <datafield tag="337" ind1=" " ind2=" ">
    <subfield code="a">computer</subfield>
    <subfield code="b">c</subfield>
    <subfield code="2">rdamedia</subfield>
  </datafield>
  <datafield tag="338" ind1=" " ind2=" ">
    <subfield code="a">online resource</subfield>
    <subfield code="b">cr</subfield>
    <subfield code="2">rdacarrier</subfield>
  </datafield>
  <datafield tag="490" ind1="1" ind2=" ">
    <subfield code="a">Routledge Advances in Spanish Language Teaching</subfield>
  </datafield>
  <datafield tag="506" ind1="0" ind2=" ">
    <subfield code="a">Free-to-read</subfield>
    <subfield code="f">Unrestricted online access</subfield>
    <subfield code="2">star</subfield>
  </datafield>
  <datafield tag="520" ind1=" " ind2=" ">
    <subfield code="a">Teor&#xED;a sociocultural y espa&#xF1;ol LE/L2 es una introducci&#xF3;n acad&#xE9;mica a conceptos clave de la teor&#xED;a sociocultural aplicada a la ense&#xF1;anza y el aprendizaje de espa&#xF1;ol como segunda lengua y lengua extranjera. Los cap&#xED;tulos han sido escritos por expertos de todo el mundo, tanto por investigadores y profesores de larga trayectoria como por nuevos investigadores. La obra ofrece una revisi&#xF3;n detallada del impacto de las ideas socioculturales en la ense&#xF1;anza y aprendizaje de espa&#xF1;ol.  Es el primer libro que se publica en espa&#xF1;ol con este enfoque. En sus p&#xE1;ginas se documenta la transformaci&#xF3;n que el enfoque sociocultural est&#xE1; produciendo en la ense&#xF1;anza-aprendizaje de segundas lenguas, en su investigaci&#xF3;n y evaluaci&#xF3;n, y en la formaci&#xF3;n docente. La obra concibe el aprendizaje y el desarrollo como actividades socioculturales e interpersonales, y destaca el objetivo de la evaluaci&#xF3;n y de la investigaci&#xF3;n como herramientas de intervenci&#xF3;n din&#xE1;mica para el aprendizaje y crecimiento y, finalmente, c&#xF3;mo un enfoque sociocultural ilumina la importancia de la mediaci&#xF3;n en los procesos de aprendizaje y desarrollo de la persona.  El volumen tiene las siguientes caracter&#xED;sticas:    Incluye una entrevista con James P. Lantolf, uno de los investigadores m&#xE1;s prominentes de la teor&#xED;a sociocultural aplicada a las segundas lenguas  Un uso consistente de la terminolog&#xED;a de la teor&#xED;a sociocultural en espa&#xF1;ol a lo largo de toda la obra  Cada cap&#xED;tulo tiene una estructura homog&#xE9;nea, lo cual facilita su consulta  No reproduce la literatura existente en ingl&#xE9;s, sino que desarrolla propuestas te&#xF3;ricas y de investigaci&#xF3;n propias y novedosas  Incluye un glosario, disponible en l&#xED;nea, de t&#xE9;rminos relevantes en la teor&#xED;a sociocultural con breves definiciones  Dise&#xF1;ado y pensado para aquellos sin conocimientos previos de la teor&#xED;a, Teor&#xED;a sociocultural y espa&#xF1;ol LE/L2 ofrece explicaciones claras y accesibles sobre la TSC acompa&#xF1;adas de ejemplos concretos y aplicaciones pr&#xE1;cticas para la clase de lenguas. Es un recurso esencial para cualquiera que ense&#xF1;e espa&#xF1;ol LE/L2, as&#xED; como para quienes investiguen su adquisici&#xF3;n.</subfield>
  </datafield>
  <datafield tag="520" ind1=" " ind2=" ">
    <subfield code="a">Teor&#xED;a sociocultural y espa&#xF1;ol LE/L2 introduces the key concepts of sociocultural theory (SCT) as they apply to the teaching and acquisition of Spanish as a second and foreign language. Contributions from leading experts from across the globe, both well-established and emerging scholars, offer an in-depth view of how a sociocultural approach can impact the teaching and learning of Spanish.  The first book on this subject to be written in Spanish, this unique volume examines the transformation that sociocultural ideas are producing and conceives learning and development as sociocultural and interpersonal activities. It highlights the objective of evaluation and research as dynamic intervention tools for learning and growth, the active role learners must play, and how a sociocultural approach illuminates the importance of mediation in the learning and development processes of the individual.  Key features include:    An interview with James P. Lantolf, one of the most prominent researchers in SCT applied to second languages  A consistent use of sociocultural theory terminology in Spanish throughout  A homogeneous chapter structure which makes it easy to consult  Its own newly developed theoretical and research proposals  An online glossary of relevant terms in sociocultural theory with brief definitions  Designed for those with no prior knowledge of the subject area, Teor&#xED;a sociocultural y espa&#xF1;ol LE/L2 provides straightforward and accessible explanations of SCT accompanied by specific and practical applications for the language classroom. It is an essential resource for anyone teaching or studying to teach Spanish, as well as researchers in Spanish second language acquisition.</subfield>
  </datafield>
  <datafield tag="540" ind1=" " ind2=" ">
    <subfield code="a">All rights reserved</subfield>
    <subfield code="u">http://oapen.org/content/about-rights</subfield>
  </datafield>
  <datafield tag="546" ind1=" " ind2=" ">
    <subfield code="a">Spanish</subfield>
  </datafield>
  <datafield tag="653" ind1=" " ind2=" ">
    <subfield code="a">Sociocultural theory,SCT,Spanish linguistics,Spanish as a second language,Spanish as a foreign language,Spanish language pedagogy,Second language acquisition</subfield>
  </datafield>
  <datafield tag="653" ind1=" " ind2=" ">
    <subfield code="a">thema EDItEUR::C Language and Linguistics::CJ Language teaching and learning</subfield>
  </datafield>
  <datafield tag="720" ind1="1" ind2=" ">
    <subfield code="a">Escand&#xF3;n, Arturo</subfield>
    <subfield code="4">edt</subfield>
  </datafield>
  <datafield tag="720" ind1="1" ind2=" ">
    <subfield code="a">Escand&#xF3;n, Arturo</subfield>
    <subfield code="4">oth</subfield>
  </datafield>
  <datafield tag="720" ind1="1" ind2=" ">
    <subfield code="a">Garcia, Pr&#xF3;spero</subfield>
    <subfield code="4">edt</subfield>
  </datafield>
  <datafield tag="720" ind1="1" ind2=" ">
    <subfield code="a">Garcia, Pr&#xF3;spero</subfield>
    <subfield code="4">oth</subfield>
  </datafield>
  <datafield tag="720" ind1="1" ind2=" ">
    <subfield code="a">Negueruela, Eduardo</subfield>
    <subfield code="4">oth</subfield>
  </datafield>
  <datafield tag="793" ind1="0" ind2=" ">
    <subfield code="a">DOAB Library.</subfield>
  </datafield>
  <datafield tag="856" ind1="4" ind2="0">
    <subfield code="u">https://directory.doabooks.org/handle/20.500.12854/134993</subfield>
    <subfield code="7">0</subfield>
    <subfield code="z">Free-to-read: DOAB: description of the publication</subfield>
  </datafield>
  <datafield tag="999" ind1=" " ind2=" ">
    <subfield code="c">93270</subfield>
    <subfield code="d">93270</subfield>
  </datafield>
</record>
